[Event "Pula tt2"]
[Site "Pula"]
[Date "1990.??.??"]
[Round "11"]
[White "Geller, Arpad"]
[Black "Radonjanin, Vlastimir"]
[Result "1/2-1/2"]
[WhiteElo "2250"]
[BlackElo "2345"]
[PlyCount "121"]
[EventDate "1990.??.??"]
[EventType "team"]
[EventRounds "11"]
[EventCountry "YUG"]
[SourceTitle "EXT 2000"]
[Source "ChessBase"]
[SourceDate "1999.11.16"]
[SourceVersion "1"]
[SourceVersionDate "1999.11.16"]
[SourceQuality "1"]

1. d4 d5 2. Nf3 e6 3. c4 c6 4. g3 dxc4 5. Bg2 b5 6. 0-0 Bb7 7. a4 Nd7 8. Nc3 a6 9. e4 Ngf6 10. Qc2 Bb4 11. Rd1 h6 12. axb5 cxb5 13. d5 exd5 14. Nxd5 Nxd5 15. exd5 0-0 16. Qf5 Bc5 17. Bf4 Ra7 18. Nd4 Bxd4 19. Rxd4 Nc5 20. Rad1 Bc8 21. Qh5 Nd3 22. Rd2 Qf6 23. Be3 Re7 24. Be4 Re5 25. Qe2 Nc5 26. Bg2 Nb3 27. Rf4 Qd6 28. Rd1 Rfe8 29. Qf3 R8e7 30. h4 Nc5 31. Bxc5 Qxc5 32. d6 Re1+ 33. Kh2 Rxd1 34. dxe7 Re1 35. Rxf7 Bd7 36. Qd5 Qxd5 37. Bxd5 Kh7 38. h5 Be8 39. Rf4 Rxe7 40. g4 g6 41. hxg6+ Bxg6 42. Rf6 Ra7 43. Rb6 Bd3 44. Bb7 Be2 45. Bxa6 b4 46. Kg3 Kg7 47. Bc8 b3 48. Be6 Ra2 49. Rb4 Rxb2 50. Bxc4 Bxc4 51. Rxc4 Rb1 52. Rb4 Kf6 53. Kf4 Ke6 54. Rb6+ Kd5 55. Rxh6 Rf1 56. Rb6 Rxf2+ 57. Ke3 Rh2 58. Kd3 Rh3+ 59. Kd2 Kc5 60. Rb8 Kc4 61. Kc1 1/2-1/2

[Event "Staufer op"]
[Site "Schwaebisch Gmuend"]
[Date "1990.??.??"]
[Round "?"]
[White "Meduna, Eduard"]
[Black "Radonjanin, Vlastimir"]
[Result "1-0"]
[WhiteElo "2485"]
[BlackElo "2345"]
[PlyCount "93"]
[EventDate "1990.??.??"]
[EventType "swiss"]
[EventRounds "9"]
[EventCountry "GER"]
[SourceTitle "EXT 1997"]
[Source "ChessBase"]
[SourceDate "1996.11.15"]
[SourceVersion "1"]
[SourceVersionDate "1996.11.15"]
[SourceQuality "1"]

1. d4 d5 2. Bg5 Nd7 3. c4 c6 4. cxd5 cxd5 5. Nc3 Ngf6 6. e3 e6 7. Bd3 Be7 8. Nf3 0-0 9. 0-0 h6 10. Bh4 a6 11. Qe2 Ne4 12. Bxe7 Nxc3 13. Qc2 Qxe7 14. Qxc3 Nf6 15. Rfc1 Bd7 16. Ne5 Rfc8 17. Qa5 Qd6 18. Rc3 b6 19. Rxc8+ Bxc8 20. Qc3 Bb7 21. Rc1 Ne8 22. f4 Rc8 23. Qd2 Rxc1+ 24. Qxc1 f6 25. Ng4 Qc7 26. Bc2 Qc4 27. a3 Kf8 28. Qd1 Nd6 29. Bd3 Qc6 30. Nf2 a5 31. g4 Nc4 32. Qe2 e5 33. fxe5 fxe5 34. Qf3+ Qf6 35. Qg3 Nxb2 36. dxe5 Qc6 37. e6 Qxe6 38. Qb8+ Qc8 39. Qd6+ Kg8 40. Bf5 Qc1+ 41. Kg2 Qc6 42. Be6+ Kh7 43. Bf5+ Kg8 44. Qd8+ Kf7 45. g5 hxg5 46. Bd7 Qf6 47. Qe8# 1-0

[Event "Pula tt2"]
[Site "Pula"]
[Date "1990.??.??"]
[Round "?"]
[White "Radonjanin, Vlastimir"]
[Black "Bojic, Dusan"]
[Result "1-0"]
[WhiteElo "2345"]
[BlackElo "2300"]
[PlyCount "53"]
[EventDate "1990.??.??"]
[EventType "team"]
[EventRounds "11"]
[EventCountry "YUG"]
[SourceTitle "EXT 2000"]
[Source "ChessBase"]
[SourceDate "1999.11.16"]
[SourceVersion "1"]
[SourceVersionDate "1999.11.16"]
[SourceQuality "1"]

1. Nf3 Nf6 2. g3 b6 3. Bg2 Bb7 4. d3 d5 5. Nbd2 Nbd7 6. 0-0 e6 7. e4 dxe4 8. Ng5 Be7 9. Ngxe4 Qc8 10. a4 0-0 11. a5 c5 12. Nc4 Bd5 13. Bg5 Qc6 14. Ne3 Rad8 15. Nxd5 exd5 16. Nc3 Rfe8 17. Bxf6 Nxf6 18. Nxd5 Nxd5 19. c4 Bf6 20. Bxd5 Qd6 21. axb6 Qxb6 22. Qa4 Bxb2 23. Qxa7 Qf6 24. Ra6 Qe7 25. Rb1 Rb8 26. Qxe7 Rxe7 27. Rxb2 1-0

[Event "Pula tt2"]
[Site "Pula"]
[Date "1990.??.??"]
[Round "?"]
[White "Radonjanin, Vlastimir"]
[Black "Brglez, Rado"]
[Result "1/2-1/2"]
[WhiteElo "2345"]
[BlackElo "2235"]
[PlyCount "80"]
[EventDate "1990.??.??"]
[EventType "team"]
[EventRounds "11"]
[EventCountry "YUG"]
[SourceTitle "EXT 2000"]
[Source "ChessBase"]
[SourceDate "1999.11.16"]
[SourceVersion "1"]
[SourceVersionDate "1999.11.16"]
[SourceQuality "1"]

1. Nf3 Nf6 2. g3 b5 3. Bg2 Bb7 4. 0-0 e6 5. d3 d5 6. Nbd2 Be7 7. e4 c5 8. exd5 exd5 9. c4 bxc4 10. dxc4 d4 11. Ne5 Bxg2 12. Kxg2 0-0 13. Qf3 Na6 14. Qb7 Qb6 15. Qxb6 axb6 16. Ndf3 h6 17. g4 Bd6 18. h4 Rfe8 19. Bf4 Nxg4 20. Rfe1 Nb4 21. Ng6 Rxe1 22. Nxe1 Bxf4 23. Nxf4 Rxa2 24. Rxa2 Nxa2 25. Nd5 Ne5 26. Nxb6 Nc1 27. Nf3 Ned3 28. Na4 Nb3 29. Kf1 f6 30. Ke2 Nf4+ 31. Kd1 Ne6 32. Kc2 Na5 33. Nxc5 Nxc5 34. b4 Nab7 35. bxc5 Nxc5 36. Nxd4 h5 37. f4 g5 38. fxg5 fxg5 39. hxg5 Kf7 40. Nf3 Kg6 1/2-1/2

[Event "Pula tt2"]
[Site "Pula"]
[Date "1990.??.??"]
[Round "6"]
[White "Radonjanin, Vlastimir"]
[Black "Rasidovic, Sead"]
[Result "0-1"]
[WhiteElo "2345"]
[BlackElo "2330"]
[PlyCount "62"]
[EventDate "1990.??.??"]
[EventType "team"]
[EventRounds "11"]
[EventCountry "YUG"]
[SourceTitle "EXT 2000"]
[Source "ChessBase"]
[SourceDate "1999.11.16"]
[SourceVersion "1"]
[SourceVersionDate "1999.11.16"]
[SourceQuality "1"]

1. Nf3 e6 2. g3 f5 3. Bg2 Nf6 4. c4 Be7 5. 0-0 d6 6. Nc3 0-0 7. d3 Qe8 8. e4 e5 9. exf5 Bxf5 10. d4 Nbd7 11. dxe5 dxe5 12. Nd5 Bd8 13. Ng5 c6 14. Ne3 Bg6 15. Bh3 Nc5 16. b4 Nfe4 17. Nxh7 Nxf2 18. Rxf2 Rxf2 19. Kxf2 Nd3+ 20. Kg1 Bxh7 21. Bd2 a5 22. bxa5 Bg5 23. Qg4 Qd8 24. Rf1 Nf4 25. gxf4 Qxd2 26. fxg5 Qxe3+ 27. Rf2 Rf8 28. Qg3 Qd4 29. Be6+ Kh8 30. Kf1 Qd1+ 31. Kg2 Be4+ 0-1

[Event "Novi Sad op"]
[Site "Novi Sad"]
[Date "1988.??.??"]
[Round "3"]
[White "Radonjanin, Vlastimir"]
[Black "Govedarica, Radovan"]
[Result "0-1"]
[WhiteElo "2285"]
[BlackElo "2415"]
[PlyCount "82"]
[EventDate "1988.07.01"]
[EventType "swiss"]
[EventRounds "11"]
[EventCountry "YUG"]
[SourceTitle "EXT 1997"]
[Source "ChessBase"]
[SourceDate "1996.11.15"]
[SourceVersion "1"]
[SourceVersionDate "1996.11.15"]
[SourceQuality "1"]

1. Nf3 c5 2. b3 d5 3. e3 Nc6 4. Bb2 Nf6 5. d4 cxd4 6. exd4 Bg4 7. Be2 Bxf3 8. Bxf3 g6 9. 0-0 Bg7 10. c4 0-0 11. Na3 Rc8 12. Re1 Re8 13. Qd2 dxc4 14. Nxc4 Nd5 15. Ne5 e6 16. Rac1 Qa5 17. Qxa5 Nxa5 18. Nc4 Nxc4 19. bxc4 Nb4 20. Bxb7 Rb8 21. Be4 f5 22. Bb1 Nc6 23. Re2 Nxd4 24. Bxd4 Bxd4 25. g3 Kf7 26. Kg2 Bc5 27. Bc2 Red8 28. Rd1 Rxd1 29. Bxd1 Rd8 30. Ba4 g5 31. g4 fxg4 32. Re5 Be7 33. Ra5 Kf6 34. c5 Rd5 35. Bb3 Re5 36. Rxa7 Rxc5 37. a4 h5 38. a5 h4 39. a6 Rc1 40. h3 gxh3+ 41. Kxh3 Rc3+ 0-1